Exploring the suitability of psyllium husk nano-ash as green nano-filler for development of natural rubber nanocomposite. (Record no. 75265)

MARC details
000 -LEADER
fixed length control field 00523nam a22001577a 4500
100 ## - MAIN ENTRY--AUTHOR NAME
Personal name Sikdar, D.
245 ## - TITLE STATEMENT
Title Exploring the suitability of psyllium husk nano-ash as green nano-filler for development of natural rubber nanocomposite.
260 ## - PUBLICATION, DISTRIBUTION, ETC. (IMPRINT)
Name of publisher Journal of Rubber Research, 26(5): 2023. 441-454
300 ## - PHYSICAL DESCRIPTION
Other physical details November
650 ## - SUBJECT ADDED ENTRY--TOPICAL TERM
Topical Term Nanocomposites
650 ## - SUBJECT ADDED ENTRY--TOPICAL TERM
Topical Term Mechanical and thermal properties
700 ## - ADDED ENTRY--PERSONAL NAME
Personal name Roy, K.
700 ## - ADDED ENTRY--PERSONAL NAME
Personal name Debnath, S.C.
856 ## - ELECTRONIC LOCATION AND ACCESS
Uniform Resource Identifier https://doi.org/10.1007/s42464-023-00228-0
942 ## - ADDED ENTRY ELEMENTS (KOHA)
Koha item type Journals
Holdings
Withdrawn status Lost status Damaged status Not for loan Home library Current library Date acquired Koha item type
        RRII Library RRII Library 14/05/2024 Journals